Wise up about waste and the reap the rewards (Record no. 70494)

MARC details
000 -LEADER
fixed length control field 01012cam a2200217 4500
001 - CONTROL NUMBER
control field WB3822-06
008 - FIXED-LENGTH DATA ELEMENTS--GENERAL INFORMATION
fixed length control field 020618n2002 000 0 eng u
035 ## - SYSTEM CONTROL NUMBER
System control number (Sirsi) u118435
245 ## - TITLE STATEMENT
Title Wise up about waste and the reap the rewards
260 ## - PUBLICATION, DISTRIBUTION, ETC.
Date of publication, distribution, etc. 2002
490 ## - SERIES STATEMENT
Series statement National Assembly for Wales Press Release
Volume/sequential designation 18 June 2002, (1)
520 ## - SUMMARY, ETC.
Summary, etc. The Welsh Assembly Government's National Waste Strategy for Wales has been launched by Sue Essex, the Welsh Minister for the Environment. It is thought that the strategy will not only improve the environment, but provide social and economic rewards for the people of Wales. For the Press Release: http://www.wales.gov.uk/servlet/PressReleaseByDateServlet?area_code=37E752F2000942E000000A2E00000000&document_code=N0000000000000000000000000000446
590 ## - LOCAL NOTE (RLIN)
Local note WB
650 ## - SUBJECT ADDED ENTRY--TOPICAL TERM
Topical term or geographic name entry element RECYCLED WASTE
650 ## - SUBJECT ADDED ENTRY--TOPICAL TERM
Topical term or geographic name entry element RECYCLING
650 ## - SUBJECT ADDED ENTRY--TOPICAL TERM
Topical term or geographic name entry element COMPOSTING
650 ## - SUBJECT ADDED ENTRY--TOPICAL TERM
Topical term or geographic name entry element WALES
650 ## - SUBJECT ADDED ENTRY--TOPICAL TERM
Topical term or geographic name entry element RECYCLED MATERIALS
690 ## - LOCAL SUBJECT ADDED ENTRY--TOPICAL TERM (OCLC, RLIN)
Topical term or geographic name as entry element ENVIRONMENTAL AND LAND CONSULTANCY
942 ## - ADDED ENTRY ELEMENTS (KOHA)
Suppress in OPAC 0
Holdings
Withdrawn status Lost status Source of classification or shelving scheme Damaged status Not for loan Home library Current library Shelving location Date acquired Total Checkouts Full call number Barcode Date last seen Copy number Price effective from Koha item type
    Dewey Decimal Classification     London London News article 18/06/2002   WB3822-06 118435-1001 06/08/2019 1 06/08/2019 News article